000 00926nam a2200277 i 4500
001 bg
003 BPK
005 20240405063044.0
008 971216s1988 pl |001 0 pol
015 _aPB 1988/9968
040 _aWA N
_cBPK
080 _a1(091)
100 1 _aTatarkiewicz, Władysław
_d(1886-1980)
_eAutor
245 1 0 _aHistoria filozofii.
_nT. 3,
_pFilozofia XIX wieku i współczesna /
_cWładysław Tatarkiewicz.
246 2 _aFilozofia XIX wieku i współczesna
250 _a[Wyd. 11].
250 _a[Wyd. 8].
260 _aWarszawa :
_bPańst. Wydaw. Naukowe,
_c1988.
300 _a544, 3 s. ;
_c24 cm.
504 _aBibliogr. s. 380-436. - Indeksy.
650 4 _aFilozofia
_xhistoria
_y19-20 w.
648 4 _a1801-1900
648 4 _a1901-2000
856 4 1 _uhttp://koha.tu.koszalin.pl/cgi-bin/koha/opac-detail.pl?biblionumber=28663
_yKatalog online BPK
942 _2UKD
_cKS
999 _c28663
_d28663